| 000 | 00505nam a2200169Ia 4500 | ||
|---|---|---|---|
| 003 | LK-CoDNM | ||
| 008 | 010623t1983 xxu||||| |||| 00| 1 sin d | ||
| 040 |
_aLK-CoDNM _dLK-CoDNM _eLK-CoDNM |
||
| 041 | _asin | ||
| 080 | _a16 KUR | ||
| 100 | _aKure,Siri. | ||
| 245 | _aතර්ක ශාස්ත්රය සහ විද්යාත්මක දැනුම | ||
| 246 | _aTharka Shasthraya saha Vidyathmaka Denuma | ||
| 260 |
_bLalith _aMoratuwa _c1983 |
||
| 300 | _b104p., 21 cm | ||
| 942 | _cBK | ||
| 999 |
_c112266 _d112266 |
||